Homenaje al profesor Armando Torrent /
| Autores principales: | , , |
|---|---|
| Otros Autores: | |
| Formato: | Electrónico eBook |
| Lenguaje: | español alemán francés inglés italiano latín portugués |
| Publicado: |
Madrid :
Dykinson, S.L.,
2016.
|
| Materias: | |
| Acceso en línea: | Digitalia Hispánica |
MARC
| LEADER | 00000nam a2200000Ii 4500 | ||
|---|---|---|---|
| 001 | DIGDYK1423 | ||
| 003 | NyNyDIG | ||
| 006 | m o d | ||
| 007 | cr ||||||||||| | ||
| 008 | 220909s2016 sp ob 010 0 spa d | ||
| 035 | |a (OCoLC)1112430875 | ||
| 040 | |a DGITA |b eng |e rda |e pn |c DGITA | ||
| 020 | |a 9788491482031 |q pdf | ||
| 020 | |z 9788490856291 | ||
| 041 | 0 | |a spa |a ger |a fre |a eng |a ita |a lat |a por | |
| 050 | 1 | 4 | |a KJA147 ebook |
| 082 | 0 | 4 | |a 340.54 |
| 245 | 0 | 0 | |a Homenaje al profesor Armando Torrent / |c coordinadores, Alfonso Murillo Villar, Aránzazu Calzada González, Santiago Castán Pérez-Gómez. |
| 264 | 1 | |a Madrid : |b Dykinson, S.L., |c 2016. | |
| 300 | |a 1 online resource : |b illustrations. | ||
| 336 | |a text |b txt |2 rdacontent | ||
| 337 | |a computer |b c |2 rdamedia | ||
| 338 | |a online resource |b cr |2 rdacarrier | ||
| 347 | |a text file |2 rdaft | ||
| 347 | |b PDF | ||
| 500 | |a "Universidad de Burgos; Universidad Rey Juan Carlos; Consejo General del Notariado"--Cover. | ||
| 504 | |a Includes bibliographical references. | ||
| 546 | |a Texts in Spanish, German, French, English, Italian, Latin and Portuguese. | ||
| 588 | 0 | |a Online resource; title from PDF title page (Digitalia, viewed September 9, 2022) | |
| 600 | 1 | 0 | |a Torrent, Armando. |
| 650 | 0 | |a Roman law. | |
| 655 | 0 | |a Electronic books. | |
| 700 | 1 | |a Torrent, Armando, |e honouree. | |
| 700 | 1 | |a Murillo Villar, Alfonso, |e editor, |e author. | |
| 700 | 1 | |a Calzada González, Aránzazu, |e editor, |e author. | |
| 700 | 1 | |a Castán Pérez-Gómez, Santiago, |e editor, |e author. | |
| 791 | 2 | |a Digitalia (Firm), |e distributor. | |
| 793 | 0 | |g Digitalia eBook Collection: |a Dykinson Editorial | |
| 776 | 0 | 8 | |i Print version: |t Homenaje al profesor Armando Torrent. |d Madrid : Dykinson, S.L., [2016] |z 9788490856291 |
| 856 | 4 | 0 | |3 Digitalia Hispánica |u https://www.digitaliapublishing.com/a/59841/ |
| 910 | |a Premium collection: 2022 | ||


